Statistics for 2019 MLB Opening Day Starters

Click here to take the quiz!

General Stats

  • This quiz has been taken 394 times
  • The average score is 13 of 30

Answer Stats

TeamStarter% Correct
Boston Red SoxChris Sale
90%
Houston AstrosJustin Verlander
88%
New York MetsJacob deGrom
84%
Washington NationalsMax Scherzer
80%
Cleveland IndiansCorey Kluber
76%
Tampa Bay RaysBlake Snell
74%
New York YankeesMasahiro Tanaka
68%
Philadelphia PhilliesAaron Nola
66%
San Francisco GiantsMadison Bumgarner
66%
Chicago CubsJon Lester
65%
Los Angeles DodgersHyun-Jin Ryu
58%
Arizona DiamondbacksZack Greinke
54%
Toronto Blue JaysMarcus Stroman
47%
Cincinnati RedsLuis Castillo
43%
Atlanta BravesJulio Teheran
39%
Minnesota TwinsJose Berrios
36%
Colorado RockiesKyle Freeland
31%
Texas RangersMike Minor
30%
St. Louis CardinalsMiles Mikolas
29%
Detroit TigersJordan Zimmermann
28%
Baltimore OriolesAndrew Cashner
26%
Seattle MarinersMarco Gonzales
26%
Oakland AthleticsMike Fiers
26%
Miami MarlinsJose Urena
23%
Pittsburgh PiratesJameson Taillon
22%
Chicago White SoxCarlos Rodon
21%
Milwaukee BrewersJhoulys Chacin
20%
Kansas City RoyalsBrad Keller
15%
Los Angeles AngelsTrevor Cahill
11%
San Diego PadresEric Lauer
7%

Score Distribution

Percentile by Number Answered

Percent of People with Each Score

Your Score History

You have not taken this quiz